[Event "24th Reykjavik op"]
[Site "Reykjavik ISL"]
[Date "2009.03.29"]
[Round "6.23"]
[White "Edvardsson, Kristjan"]
[Black "Cori, Jorge Moises"]
[WhiteElo "2253"]
[BlackElo "2370"]
[Result "0-1"]
[EventDate "2009.03.24"]
[PlyCount "122"]

1.d4 f5 2.g3 Nf6 3.Bg2 e6 4.c4 d5 5.Nd2 Be7 6.Nh3 O-O 7.O-O c6 8.Qc2 Bd7 
9.Nf3 Ne4 10.Ne5 Nd6 11.Nf4 Bf6 12.b3 g5 13.Ba3 Be7 14.Nfd3 Be8 15.Rad1 
Bg6 16.Qc1 Nf7 17.Nxf7 Bxf7 18.Ne5 Bg6 19.f3 Bxa3 20.Qxa3 Nd7 21.Nxg6 hxg6
22.e4 Nf6 23.Rfe1 Re8 24.Qc1 g4 25.exf5 gxf3 26.Bxf3 exf5 27.Qh6 Kf7 28.
cxd5 cxd5 29.Re5 Rh8 30.Qe3 Rc8 31.Qd3 a6 32.Qe2 Qd6 33.Rf1 Rhe8 34.g4 Qb6
35.Rd1 fxg4 36.Bg2 Rxe5 37.Qxe5 Re8 38.Qf4 Qe6 39.Rf1 Kg7 40.Kh1 Re7 41.
Qb8 Rf7 42.Qg3 Ne4 43.Rxf7+ Kxf7 44.Qc7+ Qe7 45.Qf4+ Kg7 46.Kg1 Qf6 47.
Qxf6+ Kxf6 48.Kf1 Kf5 49.Ke2 Kf4 50.Kd3 Nf6 51.b4 b6 52.a4 a5 53.bxa5 bxa5
54.Bh1 g3 55.hxg3+ Kxg3 56.Ke3 g5 57.Bf3 g4 58.Be2 Ne4 59.Bd3 Nc3 60.Bb5 
Kh2 61.Kd3 g3 0-1

[Event "24th Reykjavik op"]
[Site "Reykjavik ISL"]
[Date "2009.03.29"]
[Round "6.26"]
[White "Halldorsson, Gudmundur"]
[Black "Gunnarsson, Jon Viktor"]
[WhiteElo "2248"]
[BlackElo "2463"]
[Result "0-1"]
[EventDate "2009.03.24"]
[PlyCount "120"]

1.c4 c5 2.g3 g6 3.Bg2 Bg7 4.Nc3 Nf6 5.e4 d6 6.Nge2 Nc6 7.d3 h5 8.h3 Bd7 9.
Be3 a6 10.Qd2 Rb8 11.a4 Qc8 12.Rb1 e6 13.d4 cxd4 14.Nxd4 O-O 15.Nde2 d5 
16.cxd5 exd5 17.Nxd5 Nxd5 18.exd5 Ne5 19.Rc1 Nc4 20.Qb4 Nxb2 21.Rxc8 Nd3+ 
22.Kd2 Nxb4 23.Rxb8 Rxb8 24.a5 Bb5 25.Rb1 Nxd5 26.Bxd5 Rd8 27.Nc3 Bxc3+ 
28.Kxc3 Rxd5 29.h4 f6 30.Bb6 Kf7 31.Re1 g5 32.Re4 Bc6 33.Rc4 Kg6 34.Rd4 
Rf5 35.Rb4 Rf3+ 36.Kd2 Ra3 37.Rd4 Ra2+ 38.Ke3 Bb5 39.hxg5 fxg5 40.Rd6+ Kg7
41.Ke4 h4 42.gxh4 gxh4 43.Kf5 h3 44.Rg6+ Kf7 45.Rh6 Bd7+ 46.Kg5 Rd2 47.
Rf6+ Ke8 48.Rh6 Rd5+ 49.Kf4 Kf7 50.Ke3 Kg7 51.Rh4 Kg6 52.Kf3 Rg5 53.Rh8 
Be6 54.Bc7 Rc5 55.Bb6 Rc3+ 56.Be3 Ra3 57.Rh6+ Kf5 58.Rh5+ Kf6 59.Rh6+ Ke5 
60.Rh5+ Bf5 0-1

[Event "24th Reykjavik op"]
[Site "Reykjavik ISL"]
[Date "2009.03.29"]
[Round "6.27"]
[White "Olafsson, Thorvardur"]
[Black "Perunovic, Miodrag"]
[WhiteElo "2182"]
[BlackElo "2439"]
[Result "0-1"]
[EventDate "2009.03.24"]
[PlyCount "46"]

1.e4 c5 2.Nf3 d6 3.d4 cxd4 4.Nxd4 Nf6 5.Nc3 g6 6.Be3 Bg7 7.f3 O-O 8.Qd2 
Nc6 9.O-O-O Bd7 10.g4 Rc8 11.Kb1 Ne5 12.h4 Qa5 13.Nd5 Qxd2 14.Nxe7+ Kh8 
15.Rxd2 Rce8 16.h5 Nexg4 17.fxg4 Nxe4 18.Rdh2 Rxe7 19.hxg6 Ng3 20.Rxh7+ 
Kg8 21.gxf7+ Rfxf7 22.Bc4 Nxh1 23.Rxh1 Rxe3 0-1

[Event "24th Reykjavik op"]
[Site "Reykjavik ISL"]
[Date "2009.03.29"]
[Round "6.28"]
[White "Asgeirsson, Heimir"]
[Black "Arngrimsson, Dagur"]
[WhiteElo "2171"]
[BlackElo "2404"]
[Result "1/2-1/2"]
[EventDate "2009.03.24"]
[PlyCount "167"]

1.d4 d5 2.c4 c6 3.Nc3 Nf6 4.Nf3 Ne4 5.Nxe4 dxe4 6.Ng5 e5 7.dxe5 Qa5+ 8.Bd2
Qxe5 9.Qc2 e3 10.Bxe3 Bb4+ 11.Bd2 Bf5 12.Nf3 Qf6 13.e4 Bxd2+ 14.Nxd2 Bg6 
15.Be2 Na6 16.O-O O-O-O 17.Rad1 Rhe8 18.f3 Qf4 19.Qc3 f5 20.b4 Qd6 21.c5 
Qd4+ 22.Qxd4 Rxd4 23.Nc4 Rxd1 24.Rxd1 Kc7 25.Nd6 Rf8 26.Bxa6 bxa6 27.exf5 
Bxf5 28.Nxf5 Rxf5 29.Kf2 a5 30.a3 axb4 31.axb4 a5 32.g4 Re5 33.bxa5 Rxc5 
34.Ra1 Kb7 35.a6+ Ka7 36.h4 Rc2+ 37.Ke3 c5 38.h5 g5 39.Ra3 Rc4 40.Ra5 h6 
41.Kd3 Rf4 42.Ke3 Rc4 43.Ra3 Rf4 44.Rc3 Kb6 45.Ra3 Ka7 46.Ra5 Rc4 47.Kd3 
Rd4+ 48.Ke2 Rd5 49.Ke3 Re5+ 50.Kd2 Rd5+ 51.Ke2 Re5+ 52.Kf2 Rd5 53.Kg2 Rd2+
54.Kg3 Rc2 55.Ra4 c4 56.Ra3 Rb2 57.Rc3 Rb4 58.Ra3 Rb2 59.Rc3 Rb4 60.Ra3 
Rb6 61.Rc3 Rc6 62.f4 Kxa6 63.fxg5 hxg5 64.Kf3 Kb5 65.Ke4 Rf6 66.Ke5 Rf8 
67.h6 Kb4 68.Rc1 c3 69.Ke6 Kb3 70.Ke7 Rh8 71.Kf6 Rxh6+ 72.Kxg5 Rh2 73.
Rxc3+ Kxc3 74.Kf6 Kd4 75.g5 Rf2+ 76.Ke6 Rg2 77.Kf6 Rf2+ 78.Ke6 Rg2 79.Kf6 
Kd5 80.g6 Rf2+ 81.Ke7 Rg2 82.Kf7 Kd6 83.g7 Rf2+ 84.Ke8 1/2-1/2

[Event "24th Reykjavik op"]
[Site "Reykjavik ISL"]
[Date "2009.03.29"]
[Round "6.29"]
[White "Gislason, Gudmundur"]
[Black "Halldorsson, Jon Arni"]
[WhiteElo "2351"]
[BlackElo "2162"]
[Result "1-0"]
[EventDate "2009.03.24"]
[PlyCount "99"]

1.d4 d5 2.c4 c6 3.Nc3 Nf6 4.e3 g6 5.Nf3 Bg7 6.Be2 O-O 7.O-O Bg4 8.Qb3 Qb6 
9.Qa3 Qd8 10.h3 Bxf3 11.Bxf3 e6 12.cxd5 cxd5 13.Bd2 Nc6 14.Rfd1 Qe7 15.
Qxe7 Nxe7 16.a4 a5 17.Ra3 Nc6 18.Rb3 Rfb8 19.Be2 Bf8 20.f3 Nb4 21.Be1 Rd8 
22.g4 h6 23.e4 Rac8 24.e5 Nd7 25.f4 Be7 26.Bb5 Nb6 27.Ne2 Nc4 28.Nc1 Rc7 
29.Nd3 Ne3 30.Rc1 Rxc1 31.Nxc1 Rc8 32.Rc3 Rxc3 33.Bxc3 Nd1 34.Kf1 Ne3+ 35.
Ke2 Nec2 36.Bd7 Kf8 37.f5 Bg5 38.Nb3 Ke7 39.Bb5 exf5 40.gxf5 b6 41.f6+ Ke6
42.Nd2 Bf4 43.Nf3 g5 44.Ne1 h5 45.Nxc2 Nxc2 46.Ba6 Kd7 47.Bb7 Ne3 48.Bd2 
Kc7 49.Bxe3 Bxe3 50.Kxe3 1-0

[Event "24th Reykjavik op"]
[Site "Reykjavik ISL"]
[Date "2009.03.29"]
[Round "6.30"]
[White "Lucaroni, Massimiliano"]
[Black "Ostling, Hakan"]
[WhiteElo "2310"]
[BlackElo "2151"]
[Result "1/2-1/2"]
[EventDate "2009.03.24"]
[PlyCount "46"]

1.e4 g6 2.d4 Bg7 3.Bc4 e6 4.Nc3 a6 5.a4 Ne7 6.Nf3 d5 7.Bb3 Nbc6 8.e5 Na5 
9.Ba2 c5 10.dxc5 Nec6 11.O-O Qe7 12.Bxd5 exd5 13.Nxd5 Qd8 14.Bg5 Qd7 15.
Bf6 O-O 16.Qd3 Qf5 17.b4 Qxd3 18.cxd3 Nb3 19.Rab1 Nbd4 20.Nxd4 Nxd4 21.Be7
Re8 22.Bd6 Bf5 23.Rbd1 Rad8 1/2-1/2

[Event "24th Reykjavik op"]
[Site "Reykjavik ISL"]
[Date "2009.03.29"]
[Round "6.31"]
[White "Hug, Marcel"]
[Black "Thorgeirsson, Sverrir"]
[WhiteElo "2257"]
[BlackElo "2094"]
[Result "1-0"]
[EventDate "2009.03.24"]
[PlyCount "83"]

1.e4 c5 2.Nc3 e6 3.g3 Nc6 4.Bg2 g6 5.d3 Bg7 6.f4 Nge7 7.Be3 d6 8.Nf3 O-O 
9.O-O Rb8 10.d4 cxd4 11.Nxd4 a6 12.Qd2 Qc7 13.Rad1 Rd8 14.h3 b5 15.a3 Na5 
16.b3 f5 17.Rfe1 fxe4 18.Nxe4 Nf5 19.Bf2 Nb7 20.Nc6 d5 21.Nxd8 dxe4 22.
Rxe4 Nbd6 23.Rxe6 Qxd8 24.Rxd6 Qxd6 25.Qxd6 Nxd6 26.Rxd6 Bf5 27.Rxa6 Bxc2 
28.Bd5+ Kh8 29.Rc6 Bb1 30.Rb6 Rxb6 31.Bxb6 Bd3 32.Kf2 h5 33.Bc7 Bf5 34.Be5
Bxh3 35.a4 bxa4 36.bxa4 Bc8 37.Bc4 Kh7 38.Bxg7 Kxg7 39.a5 g5 40.fxg5 Kg6 
41.Ke3 Kg7 42.a6 1-0

[Event "24th Reykjavik op"]
[Site "Reykjavik ISL"]
[Date "2009.03.29"]
[Round "6.33"]
[White "Ptacnikova, Lenka"]
[Black "Westerberg, Claes Goran"]
[WhiteElo "2249"]
[BlackElo "1864"]
[Result "1-0"]
[EventDate "2009.03.24"]
[PlyCount "71"]

1.Nf3 Nf6 2.g3 g6 3.Bg2 Bg7 4.O-O O-O 5.c4 c5 6.d4 cxd4 7.Nxd4 Nc6 8.Nc3 
Nxd4 9.Qxd4 d6 10.e4 Qa5 11.Nb5 a6 12.Bd2 Qd8 13.Nc3 Ng4 14.Qd3 Ne5 15.Qe2
Bd7 16.b3 Rc8 17.Rac1 Re8 18.Rfd1 h6 19.h3 Bc6 20.c5 dxc5 21.Bxh6 Qa5 22.
Bxg7 Kxg7 23.f4 Nd7 24.e5 Nf8 25.Ne4 Ne6 26.Qf2 b6 27.f5 gxf5 28.Qxf5 Qxa2
29.Rf1 Rf8 30.Qg4+ Kh8 31.Rf5 Ng7 32.Rg5 Qb2 33.Rf1 f5 34.exf6 Rxf6 35.
Qxc8+ Kh7 36.Nxf6+ 1-0

[Event "24th Reykjavik op"]
[Site "Reykjavik ISL"]
[Date "2009.03.29"]
[Round "6.34"]
[White "Johannesson, Ingvar Thor"]
[Black "Gudmundsson, Stefan Freyr"]
[WhiteElo "2345"]
[BlackElo "2092"]
[Result "1-0"]
[EventDate "2009.03.24"]
[PlyCount "79"]

1.Nf3 g6 2.c4 Bg7 3.g3 e5 4.Nc3 Nc6 5.Bg2 d6 6.O-O Be6 7.d3 h6 8.Rb1 Qd7 
9.Re1 f5 10.Nd2 Nf6 11.b4 O-O 12.b5 Nd8 13.Nd5 Nh5 14.Qa4 f4 15.Qa5 fxg3 
16.hxg3 Rc8 17.Qxa7 Bh3 18.Ne4 Bxg2 19.Kxg2 Ne6 20.Qxb7 Kh8 21.Be3 Nef4+ 
22.Bxf4 exf4 23.Rh1 fxg3 24.f3 Ra8 25.Rxh5 gxh5 26.Nb6 Qd8 27.Nxa8 Qxa8 
28.Qxa8 Rxa8 29.Kxg3 Rxa2 30.Re1 Ra3 31.f4 Bd4 32.Rh1 Kg7 33.Rxh5 Ra1 34.
Rh2 Kg6 35.Kf3 Rf1+ 36.Nf2 Re1 37.Rg2+ Kf5 38.Rh2 Bb6 39.Rxh6 Bxf2 40.e4+ 
1-0

[Event "24th Reykjavik op"]
[Site "Reykjavik ISL"]
[Date "2009.03.29"]
[Round "6.35"]
[White "Rodriguez Hurtado, Jorge"]
[Black "Sofrigin, Alexej"]
[WhiteElo "2052"]
[BlackElo "2252"]
[Result "0-1"]
[EventDate "2009.03.24"]
[PlyCount "48"]

1.e4 c5 2.Nc3 Nc6 3.f4 g6 4.Nf3 Bg7 5.Bc4 e6 6.O-O Nge7 7.d3 O-O 8.Qe1 d5 
9.Bb3 Rb8 10.a4 a6 11.Nd1 b5 12.axb5 axb5 13.c3 b4 14.exd5 bxc3 15.dxc6 
cxb2 16.Bxb2 Bxb2 17.Nxb2 Rxb3 18.Nc4 Nxc6 19.Nce5 Bd7 20.Rb1 Rxb1 21.Qxb1
Nxe5 22.Qb7 Nxd3 23.Rd1 c4 24.Qe4 Qb6+ 0-1

[Event "24th Reykjavik op"]
[Site "Reykjavik ISL"]
[Date "2009.03.29"]
[Round "6.38"]
[White "Thorsson, Olafur"]
[Black "Einarsson, Einar Kristinn"]
[WhiteElo "2199"]
[BlackElo "2065"]
[Result "1-0"]
[EventDate "2009.03.24"]
[PlyCount "33"]

1.Nf3 c5 2.c4 g6 3.d4 cxd4 4.Nxd4 Bg7 5.Nc3 Nc6 6.Nc2 d6 7.e4 Nf6 8.Be2 
O-O 9.O-O Be6 10.Rb1 Rc8 11.b3 Qa5 12.Bd2 Qd8 13.Ne3 Nd4 14.Bd3 Nd7 15.
Ned5 Nc5 16.Bg5 Nxd3 17.Nxe7+ 1-0

[Event "24th Reykjavik op"]
[Site "Reykjavik ISL"]
[Date "2009.03.29"]
[Round "6.39"]
[White "Bjornsson, Sverrir Orn"]
[Black "Vigfusson, Vigfus"]
[WhiteElo "2161"]
[BlackElo "2027"]
[Result "1/2-1/2"]
[EventDate "2009.03.24"]
[PlyCount "108"]

1.d4 d5 2.c4 e6 3.Nc3 Nf6 4.cxd5 exd5 5.Bg5 Be7 6.e3 O-O 7.Bd3 Nbd7 8.Qc2 
c6 9.Nf3 Re8 10.h3 Nf8 11.Bf4 Bd6 12.Bxd6 Qxd6 13.O-O-O Be6 14.Kb1 Rac8 
15.g4 c5 16.dxc5 Qxc5 17.Nd4 Ne4 18.Nxe4 Qxc2+ 19.Bxc2 dxe4 20.Nxe6 Rxe6 
21.f3 Re7 22.Bxe4 g6 23.Rd6 Rce8 24.Rhd1 Ne6 25.Bd3 Ng5 26.Bb5 Rb8 27.Rd8+
Rxd8 28.Rxd8+ Kg7 29.Rd7 Rxd7 30.Bxd7 Nxf3 31.Bc8 b6 32.Kc2 Kf6 33.Kc3 Ke5
34.Kc4 Ke4 35.Kb5 Kxe3 36.Ka6 Nd4 37.Kxa7 b5 38.Kb6 Kd3 39.Kc5 f5 40.gxf5 
gxf5 41.Bxf5+ Nxf5 42.Kxb5 Nd6+ 43.Kc6 Nc4 44.b4 Kc3 45.b5 Kb4 46.b6 Nxb6 
47.Kxb6 Ka3 48.Kc5 Kxa2 49.Kd6 Kb3 50.Ke6 Kc4 51.h4 h5 52.Kf6 Kd5 53.Kg6 
Ke6 54.Kxh5 Kf7 1/2-1/2

[Event "24th Reykjavik op"]
[Site "Reykjavik ISL"]
[Date "2009.03.29"]
[Round "6.40"]
[White "Arnalds, Stefan"]
[Black "Thorsteinsson, Erlingur"]
[WhiteElo "1953"]
[BlackElo "2130"]
[Result "1/2-1/2"]
[EventDate "2009.03.24"]
[PlyCount "33"]

1.d4 e6 2.c4 f5 3.Nc3 Nf6 4.g3 d5 5.Bg2 c6 6.cxd5 exd5 7.Bg5 h6 8.Bxf6 
Qxf6 9.e3 Bd6 10.Nf3 Nd7 11.O-O Nf8 12.Rb1 Ne6 13.b4 O-O 14.b5 Rf7 15.bxc6
bxc6 16.Qa4 Nd8 17.Ne1 1/2-1/2

[Event "24th Reykjavik op"]
[Site "Reykjavik ISL"]
[Date "2009.03.29"]
[Round "6.41"]
[White "Berg, Runar"]
[Black "Eliasson, Kristjan Orn"]
[WhiteElo "2130"]
[BlackElo "1940"]
[Result "1-0"]
[EventDate "2009.03.24"]
[PlyCount "41"]

1.e4 d6 2.d4 Nf6 3.Nc3 g6 4.f4 Bg7 5.e5 dxe5 6.dxe5 Nfd7 7.Nf3 e6 8.Be3 
O-O 9.Be2 Nc6 10.O-O Ne7 11.Qd2 c6 12.Rad1 Qc7 13.Ne4 Nd5 14.Bf2 Bh6 15.g3
b5 16.c4 bxc4 17.Bxc4 Bb7 18.Rc1 Nxe5 19.Nxe5 Qxe5 20.fxe5 Bxd2 21.Nxd2 
1-0

[Event "24th Reykjavik op"]
[Site "Reykjavik ISL"]
[Date "2009.03.29"]
[Round "6.42"]
[White "Benediktsson, Frimann"]
[Black "Tratatovici, Dan"]
[WhiteElo "1939"]
[BlackElo "2122"]
[Result "0-1"]
[EventDate "2009.03.24"]
[PlyCount "90"]

1.d4 Nf6 2.c4 g6 3.Nc3 d5 4.Nf3 Bg7 5.Bg5 Ne4 6.cxd5 Nxg5 7.Nxg5 e6 8.Nf3 
exd5 9.e3 a5 10.h3 O-O 11.Bd3 Be6 12.O-O Nd7 13.Rc1 f5 14.Na4 g5 15.Nh2 g4
16.hxg4 fxg4 17.Nxg4 Qh4 18.Be2 c6 19.f4 Rae8 20.Qe1 Qd8 21.Rc3 b5 22.Nc5 
Nxc5 23.Rxc5 Bxg4 24.Bxg4 Bxd4 25.Rc3 Bxc3 26.Qxc3 Rf6 27.Rf3 Re4 28.b3 
Qe7 29.Bh5 d4 30.exd4 Qb4 31.d5 Qd4+ 32.Qxd4 Rxd4 33.dxc6 Rxc6 34.Be8 Rc1+
35.Kh2 Rd5 36.a4 b4 37.Bb5 Rh5+ 38.Kg3 Kf7 39.Kg4 Rhc5 40.Rd3 h5+ 41.Kf3 
R1c3 42.Ke4 Rxd3 43.Bxd3 Kf6 44.g3 Rc3 45.Bc4 Rxg3 0-1

[Event "24th Reykjavik op"]
[Site "Reykjavik ISL"]
[Date "2009.03.29"]
[Round "6.43"]
[White "Gudmundsdottir, Geirthrudur Ann"]
[Black "Moskow, Eric"]
[WhiteElo "1775"]
[BlackElo "2225"]
[Result "1/2-1/2"]
[EventDate "2009.03.24"]
[PlyCount "74"]

1.e4 c5 2.Nc3 Nc6 3.g3 g6 4.Bg2 Bg7 5.Nge2 d6 6.O-O Nf6 7.d3 O-O 8.h3 Rb8 
9.Be3 b5 10.Qd2 b4 11.Nd1 a5 12.f4 Qb6 13.Kh2 Nd4 14.g4 a4 15.a3 Bxg4 16.
hxg4 Nxg4+ 17.Kg1 Nxe3 18.Nxe3 Nxe2+ 19.Qxe2 Bxb2 20.Nc4 Bd4+ 21.Kh1 Qd8 
22.Rab1 e6 23.Qg4 f5 24.Qf3 fxe4 25.dxe4 bxa3 26.Nxa3 Rxb1 27.Nxb1 Qh4+ 
28.Qh3 Rxf4 29.Rxf4 Qxf4 30.Qxe6+ Kg7 31.Qd7+ Kh6 32.Qh3+ Kg5 33.Nd2 Qxd2 
34.Qg3+ Kh6 35.Qh4+ Kg7 36.Qe7+ Kg8 37.Qe8+ Kg7 1/2-1/2

[Event "24th Reykjavik op"]
[Site "Reykjavik ISL"]
[Date "2009.03.29"]
[Round "6.44"]
[White "Naslund, Mikael"]
[Black "Sigurjonsson, Siguringi"]
[WhiteElo "2195"]
[BlackElo "1904"]
[Result "1-0"]
[EventDate "2009.03.24"]
[PlyCount "103"]

1.Nf3 d6 2.d4 Bg4 3.c4 Nd7 4.Qb3 Rb8 5.Bf4 g6 6.Nbd2 Bg7 7.h3 Bxf3 8.Nxf3 
c5 9.dxc5 Qa5+ 10.Bd2 Qxc5 11.e3 Ngf6 12.Bd3 O-O 13.O-O Ne5 14.Nxe5 Qxe5 
15.Bc3 Qg5 16.Qa4 a6 17.Rab1 Nh5 18.Bd2 f5 19.Qa5 e5 20.Be2 Nf6 21.e4 Qh4 
22.exf5 gxf5 23.f4 Ne4 24.Be1 Qe7 25.fxe5 Bxe5 26.Bd3 Nc5 27.Bxf5 Qg5 28.
Qc7 Bg7 29.Bc3 Rbd8 30.h4 Qh6 31.Qxg7+ Qxg7 32.Bxg7 Kxg7 33.b4 Na4 34.Rbd1
Nc3 35.Rd2 Rf6 36.g4 Rdf8 37.Rdf2 h6 38.a3 b6 39.Bd3 a5 40.Rxf6 Rxf6 41.
Rxf6 Kxf6 42.Kf2 axb4 43.axb4 Na2 44.b5 Nc3 45.Ke3 Na4 46.Kf4 Nc5 47.g5+ 
hxg5+ 48.hxg5+ Kf7 49.Bf5 Na4 50.Ke3 Ke7 51.Kd4 Nb2 52.Bc2 1-0

[Event "24th Reykjavik op"]
[Site "Reykjavik ISL"]
[Date "2009.03.29"]
[Round "6.45"]
[White "Magnusson, Patrekur Maron"]
[Black "Andersson, Christin"]
[WhiteElo "1902"]
[BlackElo "2132"]
[Result "0-1"]
[EventDate "2009.03.24"]
[PlyCount "114"]

1.d4 d6 2.Nf3 Nf6 3.Bg5 Ne4 4.Bf4 d5 5.e3 Nd7 6.Bd3 Ndf6 7.O-O Bg4 8.c4 e6
9.Qa4+ c6 10.cxd5 exd5 11.Ne5 Be6 12.f3 Nd6 13.Bg3 Be7 14.Nc3 O-O 15.Qc2 
g6 16.Rad1 Nh5 17.Bf2 f6 18.Ng4 Ng7 19.Nh6+ Kh8 20.e4 dxe4 21.fxe4 f5 22.
exf5 gxf5 23.Bg3 Nc4 24.Qe2 Qxd4+ 25.Bf2 Qf4 26.g3 Qxh6 27.Bxc4 Bxc4 28.
Qxc4 f4 29.Ne2 fxg3 30.Nxg3 Bg5 31.Qc3 Rxf2 32.Rxf2 Be3 33.Rf1 Rf8 34.Kg2 
Bxf2 35.Rxf2 Rxf2+ 36.Kxf2 Qxh2+ 37.Kf3 Qh3 38.Qc5 Qc8 39.Qxa7 Ne6 40.Qe3 
Qf8+ 41.Kg2 Qf6 42.Qa3 Qd8 43.Qe3 Qd5+ 44.Kh2 b5 45.a3 Kg8 46.Qe2 Ng7 47.
Kg1 h5 48.Ne4 Qf5 49.a4 bxa4 50.Qc4+ Qe6 51.Qxa4 Nf5 52.Qa8+ Kg7 53.Qb7+ 
Kg6 54.Qb4 Qd5 55.Nc3 Qf3 56.Qc4 Qg3+ 57.Kh1 Qe1+ 0-1

[Event "24th Reykjavik op"]
[Site "Reykjavik ISL"]
[Date "2009.03.29"]
[Round "6.46"]
[White "Eiriksson Vikingur, Fjalar"]
[Black "Cross, Ted"]
[WhiteElo "1882"]
[BlackElo "2076"]
[Result "1/2-1/2"]
[EventDate "2009.03.24"]
[PlyCount "44"]

1.e4 c5 2.Nf3 Nc6 3.d4 cxd4 4.Nxd4 Nf6 5.Nc3 e5 6.Ndb5 d6 7.Bg5 a6 8.Na3 
b5 9.Nd5 Be7 10.Bxf6 Bxf6 11.c3 O-O 12.Nc2 Bg5 13.h4 Bh6 14.g4 Bf4 15.Qf3 
Be6 16.Bd3 Ne7 17.Nxf4 exf4 18.Qxf4 Ng6 19.Qg3 Ne5 20.Be2 Bc4 21.f4 Nc6 
22.Bxc4 bxc4 1/2-1/2

[Event "24th Reykjavik op"]
[Site "Reykjavik ISL"]
[Date "2009.03.29"]
[Round "6.48"]
[White "Unnarsson, Sverrir"]
[Black "Gudmundsson, Kjartan"]
[WhiteElo "1860"]
[BlackElo "2009"]
[Result "1-0"]
[EventDate "2009.03.24"]
[PlyCount "113"]

1.e4 Nc6 2.d4 d5 3.e5 f6 4.Bd3 g6 5.f4 Nxd4 6.Bxg6+ hxg6 7.Qxd4 Bf5 8.Nc3 
Bxc2 9.Nf3 e6 10.Qf2 Be4 11.exf6 Bxf3 12.f7+ Kxf7 13.Qxf3 Nh6 14.Be3 Nf5 
15.Bf2 Bg7 16.O-O-O Bxc3 17.Qxc3 c5 18.g4 Nd6 19.Qe5 Ne4 20.f5 gxf5 21.
gxf5 Qg5+ 22.Kb1 Qxf5 23.Qc7+ Kf6 24.Bxc5 Nf2+ 25.Ka1 Nxh1 26.Bd4+ Kg6 27.
Rxh1 Rh7 28.Rg1+ Kh5 29.Qc1 Rf8 30.h4 Qf4 31.Be3 Qf3 32.Bb6 Rf5 33.Bd8 Qf4
34.Qd1+ Qf3 35.Qc1 Qf4 36.Qd1+ Kh6 37.Bg5+ Rxg5 38.Rxg5 Qxh4 39.Rg1 Rf7 
40.Rh1 Qxh1 41.Qxh1+ Kg7 42.Kb1 a6 43.Kc2 Kf6 44.Qh4+ Ke5 45.Qg3+ Kf6 46.
Kd3 e5 47.Qh4+ Ke6 48.Qg4+ Kf6 49.Qh4+ Ke6 50.Qh6+ Kf5 51.Qh5+ Ke6 52.Qg6+
Rf6 53.Qe8+ Kf5 54.Qc8+ Kf4 55.Qxb7 e4+ 56.Kd4 Rf5 57.Qxa6 1-0

[Event "24th Reykjavik op"]
[Site "Reykjavik ISL"]
[Date "2009.03.29"]
[Round "6.49"]
[White "Karlsson, Mikael Johann"]
[Black "Brynjarsson, Helgi"]
[WhiteElo "1505"]
[BlackElo "1949"]
[Result "1/2-1/2"]
[EventDate "2009.03.24"]
[PlyCount "83"]

1.c4 e5 2.g3 Nc6 3.Bg2 f5 4.Nc3 Nf6 5.e3 d6 6.Nge2 g5 7.d4 e4 8.a3 Ne7 9.
b4 c6 10.Bb2 d5 11.cxd5 Nexd5 12.O-O Be6 13.Na4 b6 14.Rc1 Qd7 15.Qc2 Rc8 
16.Nac3 Bd6 17.Rfd1 O-O 18.Nxd5 cxd5 19.Qd2 Rxc1 20.Rxc1 h5 21.Nc3 f4 22.
exf4 gxf4 23.Re1 h4 24.Nd1 Rf7 25.gxf4 Rg7 26.Kh1 Bh3 27.Ne3 Bxf4 28.Rg1 
Bxe3 29.fxe3 Bg4 30.Qf2 h3 31.Bxh3 Bxh3 32.Qxf6 Bg4 33.Rg3 Bf3+ 34.Kg1 
Rxg3+ 35.hxg3 Qh3 36.Qg6+ Kf8 37.Qf6+ Ke8 38.Qc6+ Ke7 39.Qc7+ Ke8 40.Qc6+ 
Kd8 41.Qxd5+ Kc7 42.Qe5+ 1/2-1/2

[Event "24th Reykjavik op"]
[Site "Reykjavik ISL"]
[Date "2009.03.29"]
[Round "6.51"]
[White "Gardarsson, Hordur"]
[Black "Palsson, Svanberg Mar"]
[WhiteElo "1951"]
[BlackElo "1720"]
[Result "1-0"]
[EventDate "2009.03.24"]
[PlyCount "53"]

1.d4 Nf6 2.c4 g6 3.Nc3 Bg7 4.Bg5 h6 5.Bh4 O-O 6.e3 d6 7.Nf3 g5 8.Bg3 Nh5 
9.Bd3 f5 10.d5 g4 11.Nh4 e5 12.dxe6 Bxe6 13.Ng6 Re8 14.O-O Kh7 15.Nf4 Nxf4
16.Bxf4 Nc6 17.Qxg4 Qd7 18.Qe2 Qf7 19.Rac1 Nb4 20.b3 Kh8 21.Bb1 Bxc3 22.
Rxc3 Qg7 23.Rcc1 d5 24.Qf3 dxc4 25.bxc4 Rg8 26.Qh3 Kh7 27.Bxf5+ 1-0

[Event "24th Reykjavik op"]
[Site "Reykjavik ISL"]
[Date "2009.03.29"]
[Round "6.52"]
[White "Sigurdsson, Birkir Karl"]
[Black "Thorsteinsdottir, Hallgerdur"]
[WhiteElo "1355"]
[BlackElo "1951"]
[Result "0-1"]
[EventDate "2009.03.24"]
[PlyCount "94"]

1.d4 Nf6 2.c4 g6 3.Nc3 d5 4.cxd5 Nxd5 5.e4 Nxc3 6.bxc3 Bg7 7.Nf3 c5 8.Bb5+
Bd7 9.Bxd7+ Nxd7 10.O-O O-O 11.Be3 Qa5 12.Qc2 Rac8 13.e5 cxd4 14.Bxd4 Nxe5
15.Nxe5 Bxe5 16.Bxe5 Qxe5 17.Qa4 a6 18.Qb4 Rc7 19.Rae1 Qf6 20.Re3 Rfc8 21.
Rf3 Qe6 22.a4 Qc4 23.Qb2 Qxa4 24.Qd2 Qd7 25.Qf4 e6 26.Qf6 Qd8 27.Qe5 Rc5 
28.Qf4 Rf5 29.Qg3 Rxf3 30.Qxf3 Qd5 31.Qg3 Qd2 32.Qf3 Qxc3 33.Qxb7 a5 34.
Qb5 Qc5 35.Qb3 Qb4 36.Qa2 a4 37.Rb1 Qc4 38.Qa3 Qc2 39.Ra1 Rc3 40.Qd6 Qc1+ 
41.Qd1 Qxd1+ 42.Rxd1 a3 43.g3 a2 44.Ra1 Ra3 45.Kg2 Kg7 46.h4 Kf6 47.g4 Ke5
0-1

[Event "24th Reykjavik op"]
[Site "Reykjavik ISL"]
[Date "2009.03.29"]
[Round "6.53"]
[White "Ingason, Sigurdur"]
[Black "Helgadottir, Sigridur Bjorg"]
[WhiteElo "1949"]
[BlackElo "1646"]
[Result "0-1"]
[EventDate "2009.03.24"]
[PlyCount "50"]

1.d4 Nf6 2.Nf3 g6 3.Bg5 Bg7 4.Nbd2 d5 5.e3 O-O 6.Bd3 Nbd7 7.O-O c5 8.c3 a6
9.b4 b6 10.a4 a5 11.b5 Re8 12.e4 dxe4 13.Nxe4 Bb7 14.Re1 Rc8 15.Qe2 cxd4 
16.cxd4 Nd5 17.Nd6 exd6 18.Bxd8 Rxe2 19.Rxe2 Rxd8 20.Rae1 N7f6 21.Bc4 Rc8 
22.Bb3 Kf8 23.h3 Rc3 24.Ba2 Bh6 25.Rd1 Nf4 0-1

[Event "24th Reykjavik op"]
[Site "Reykjavik ISL"]
[Date "2009.03.29"]
[Round "6.54"]
[White "Sverrisson, Nokkvi"]
[Black "Johannsdottir, Johanna Bjoerg"]
[WhiteElo "1675"]
[BlackElo "1724"]
[Result "1/2-1/2"]
[EventDate "2009.03.24"]
[PlyCount "90"]

1.e4 c5 2.Nf3 e6 3.d4 cxd4 4.Nxd4 a6 5.Bd3 Nf6 6.O-O Qc7 7.c4 b6 8.Qe2 d6 
9.Nc3 Bb7 10.f4 Nbd7 11.Kh1 Rc8 12.Bd2 Be7 13.b3 O-O 14.Rac1 Rfe8 15.Rfe1 
Nc5 16.Bb1 Bf8 17.e5 Nfd7 18.b4 dxe5 19.fxe5 g6 20.bxc5 Qxc5 21.Nb3 Qxc4 
22.Bd3 Qh4 23.Bxa6 Bxa6 24.Qxa6 Bg7 25.Qa4 Qxa4 26.Nxa4 Ra8 27.Rc7 Nxe5 
28.Nxb6 Rxa2 29.Nd7 Nxd7 30.Rxd7 Rb8 31.Nc5 Rxd2 32.Rxd2 Bc3 33.Rdd1 Bxe1 
34.Rxe1 Rb5 35.Nd3 Rd5 36.Nf4 Rf5 37.g3 e5 38.Nh3 f6 39.Kg2 h5 40.Rf1 Kf7 
41.Rxf5 gxf5 42.Kf3 Kg6 43.Nf2 h4 44.g4 Kg5 45.Nh3+ Kg6 1/2-1/2

[Event "24th Reykjavik op"]
[Site "Reykjavik ISL"]
[Date "2009.03.29"]
[Round "6.55"]
[White "Gasanova, Ulker"]
[Black "Andrason, Pall"]
[WhiteElo "1646"]
[BlackElo "1564"]
[Result "1/2-1/2"]
[EventDate "2009.03.24"]
[PlyCount "133"]

1.e4 c5 2.Nf3 g6 3.c4 Bg7 4.d4 cxd4 5.Nxd4 Nc6 6.Be3 d6 7.Nc3 Nf6 8.Be2 
Bd7 9.O-O O-O 10.f4 Rc8 11.Kh1 Re8 12.Qe1 Ng4 13.Nxc6 Rxc6 14.Bg1 Qa5 15.
Rc1 Rec8 16.Nd5 Qxe1 17.Rcxe1 Kf8 18.b3 Nf6 19.Bd3 b6 20.Nxf6 Bxf6 21.e5 
dxe5 22.fxe5 Bg7 23.Be4 R6c7 24.Bd5 e6 25.Bf3 Rd8 26.h4 Bc6 27.Bg4 Ke7 28.
Bf3 Bxf3 29.Rxf3 Rcd7 30.Ref1 Ke8 31.Bh2 Rd4 32.Rxf7 Bh6 33.Rxh7 Rxh4 34.
Rh8+ Ke7 35.Rh7+ Ke8 36.Rh8+ Ke7 37.Rxd8 Kxd8 38.Kg1 Be3+ 39.Kh1 g5 40.g3 
Re4 41.Re1 Rxe5 42.g4 Re4 43.Bg1 Rxg4 44.Rxe3 Ke7 45.Rf3 e5 46.Kh2 Ke6 47.
Be3 e4 48.Rf8 Rh4+ 49.Kg3 Rh1 50.Kg4 Re1 51.Re8+ Kd7 52.Rxe4 Re2 53.a4 Rb2
54.Rd4+ Kc6 55.Rd3 Rg2+ 56.Kf3 Rh2 57.Kg3 Rh1 58.b4 Ra1 59.a5 bxa5 60.bxa5
Rxa5 61.Kg4 Re5 62.Bd4 Re4+ 63.Kxg5 a5 64.Kf5 Re1 65.Bc3 Rc1 66.Bxa5 Rxc4 
67.Rc3 1/2-1/2

[Event "24th Reykjavik op"]
[Site "Reykjavik ISL"]
[Date "2009.03.30"]
[Round "7.26"]
[White "Arngrimsson, Dagur"]
[Black "Thorsson, Olafur"]
[WhiteElo "2404"]
[BlackElo "2199"]
[Result "1/2-1/2"]
[EventDate "2009.03.24"]
[PlyCount "95"]

1.e4 d5 2.exd5 Nf6 3.d4 Nxd5 4.c4 Nb6 5.c5 N6d7 6.Be3 e5 7.dxe5 Nc6 8.e6 
fxe6 9.Bb5 Nxc5 10.Qe2 Ne4 11.Nd2 Bb4 12.O-O-O Bxd2+ 13.Bxd2 Nxd2 14.Rxd2 
Qe7 15.Bxc6+ bxc6 16.Qh5+ g6 17.Qf3 Bd7 18.Ne2 Rf8 19.Qe3 Rf5 20.Nc3 Qb4 
21.Rhd1 Rb8 22.Ne4 Rd5 23.Nf6+ Kd8 24.Nxd7 Kxd7 25.Qh3 Qc4+ 26.Kb1 Qe4+ 
27.Ka1 Rb5 28.Qc3 Rxd2 29.Rxd2+ Rd5 30.Rxd5+ cxd5 31.f3 Qe2 32.a3 Qf1+ 33.
Ka2 Kd6 34.Qb4+ Kc6 35.Qa4+ Kb6 36.Qd4+ c5 37.Qe5 Qc4+ 38.Ka1 Qc1+ 39.Ka2 
Qc4+ 40.Ka1 d4 41.Qb8+ Ka6 42.Qc8+ Kb6 43.Qb8+ Ka6 44.Qc8+ Kb6 45.Qb8+ Kc6
46.Qc8+ Kb6 47.Qd8+ Kc6 48.Qc8+ 1/2-1/2